000 00281nam a2200121Ia 4500
005 20251222155037.0
008 251222s9999||||xx |||||||||||||| ||spa||
082 _aCIE 01.2
100 _aROVIRA, Jaime.
245 0 _a2 El Mundo de la QuĂ­mica
264 _bNo tiene
942 _cLIB
999 _c36790
_d36790